000
002260000a22000970004500
100
1
_a
Ranney, Stephen L.
245
1
0
_a
Sanitation : A vital concern
300
_a
Núm 9 (1985), Páginas 36-38
773
0
_t
Together
942
_c
ANA
999
_c
56960
_d
56960